9-1-1 - Statistics

General Stats
  • This quiz has been taken 318 times
  • The average score is 12 of 13
Answer Stats
Hint Answer % Correct
the Police Sergent Athena Grant
98%
The Captain Bobby Nash
98%
the loveable golden retriever character Evan "Buck" Buckley
98%
the best Paramedic Henrietta "Hen" Wilson
98%
n°5's best friend Eddie Diaz
97%
her husband/the other paramedic Chimney Han
96%
his sister Maddie Buckley-Han
96%
his son Christopher Diaz
95%
the Police Sergent's kids May Grant
93%
n°4's wife Karen Wilson
88%
their child Denny Wilson
84%
Harry Grant
84%
her ex-husband Michael Grant
83%
No matching quizzes found
Score Distribution
Percent of People with Each Score
Percentile by Number Answered
Your Score History
You have not taken this quiz